[Event "12th American Continental"]
[Site "Medellin COL"]
[Date "2017.06.11"]
[Round "2.96"]
[White "Avila Pavas, Santiago"]
[Black "Velasquez Sandoval, Angie Gabriela"]
[Result "1-0"]
[WhiteElo "2056"]
[BlackElo "1782"]
[EventDate "2017.06.10"]
[PlyCount "77"]

1.e4 c5 2.b3 e6 3.Bb2 d5 4.exd5 exd5 5.Nf3 Nf6 6.Bb5+ Nc6 7.Qe2+ Be6 8.
Bxc6+ bxc6 9.Ng5 Qd7 10.O-O h6 11.Nxe6 fxe6 12.Re1 Kf7 13.Bxf6 gxf6 14.
Qh5+ Ke7 15.c4 Rg8 16.Nc3 Rg5 17.Qh3 Re8 18.f4 Rg8 19.Qf5 Kf7 20.Qh5+ Rg6 
21.cxd5 cxd5 22.Rxe6 Qxe6 23.f5 Qe5 24.Qxg6+ Ke7 25.Nxd5+ Kd6 26.Nc3 Kc6 
27.Qg3 Qxf5 28.Rf1 Qd7 29.Qf3+ Kc7 30.Nd5+ Kb8 31.Nxf6 Qd4+ 32.Kh1 Rd8 33.
Ne4 Bg7 34.Qe2 Rf8 35.Rc1 Rf5 36.Qb5+ Kc8 37.Nxc5 Rxc5 38.Qxc5+ Qxc5 39.
Rxc5+ 1-0

[Event "12th American Continental"]
[Site "Medellin COL"]
[Date "2017.06.11"]
[Round "2.97"]
[White "Rodriguez Cortes, Giovanni"]
[Black "Rios Parra, Juan Fernando"]
[Result "0-1"]
[WhiteElo "1772"]
[BlackElo "2055"]
[EventDate "2017.06.10"]
[PlyCount "68"]

1.e4 c5 2.Nc3 Nc6 3.g3 g6 4.Bg2 Bg7 5.Nge2 e6 6.O-O Nge7 7.d3 d6 8.Bg5 h6 
9.Be3 Nd4 10.Qd2 Nec6 11.Nd1 Nxe2+ 12.Qxe2 O-O 13.c3 Qc7 14.Qd2 Kh7 15.d4 
Ne7 16.f4 Bd7 17.Nf2 Rad8 18.g4 f5 19.h4 b5 20.h5 gxh5 21.gxh5 Rg8 22.Kh1 
Bf6 23.Rg1 Rg3 24.Kh2 Rdg8 25.Bh1 Bh4 26.dxc5 dxc5 27.Nd3 fxe4 28.Bxe4+ 
Nf5 29.Nxc5 Bc8 30.Bf2 R3g4 31.Rxg4 Rxg4 32.Bxf5+ exf5 33.Nd3 Bxf2 34.Qxf2
Qf7 0-1

[Event "12th American Continental"]
[Site "Medellin COL"]
[Date "2017.06.11"]
[Round "2.98"]
[White "Zapata Hincapie, Jhon Alexander"]
[Black "Prado, Hamilton Mesquita do"]
[Result "1-0"]
[WhiteElo "2055"]
[BlackElo "1765"]
[EventDate "2017.06.10"]
[PlyCount "77"]

1.e4 e5 2.Nf3 Nf6 3.Nxe5 d6 4.Nf3 Nxe4 5.Nc3 Nxc3 6.dxc3 Be7 7.Bf4 Nc6 8.
Qd2 Be6 9.O-O-O h6 10.Nd4 Nxd4 11.cxd4 Bg5 12.d5 Bd7 13.Re1+ Be7 14.Bd3 
O-O 15.h4 Bf6 16.g4 Bxg4 17.Bxh6 Bh5 18.Reg1 g6 19.Bxf8 Qxf8 20.f4 Kh7 21.
f5 Qh6 22.Qxh6+ Kxh6 23.c4 Re8 24.b3 Bd4 25.Re1 Be5 26.Rhf1 gxf5 27.Bxf5 
f6 28.Kc2 Bf7 29.Rg1 Re7 30.Rg2 Bh5 31.Rg8 Bf7 32.Rh8+ Kg7 33.Rh7+ Kf8 34.
Rg1 Re8 35.h5 Bf4 36.Rxf7+ Kxf7 37.Bg6+ Kf8 38.Bxe8 Kxe8 39.Rg7 1-0

[Event "12th American Continental"]
[Site "Medellin COL"]
[Date "2017.06.11"]
[Round "2.99"]
[White "Serna Escobar, Gustavo Dario"]
[Black "Florez, Carlos Julio"]
[Result "0-1"]
[WhiteElo "1763"]
[BlackElo "2039"]
[EventDate "2017.06.10"]
[PlyCount "178"]

1.d4 Nf6 2.c4 g6 3.Nf3 Bg7 4.Nc3 O-O 5.e3 d6 6.h3 Nbd7 7.Be2 e5 8.Qc2 c6 
9.O-O Re8 10.Re1 a6 11.a3 e4 12.Nd2 d5 13.Qb3 Nf8 14.cxd5 cxd5 15.Nf1 h5 
16.Bd2 N8h7 17.Rac1 Re6 18.Na4 b6 19.Rc2 Bd7 20.Rec1 Bf8 21.Bb4 Bg7 22.Bd2
Bf8 23.Bb4 Qe8 24.Nc3 Bh6 25.a4 Bc6 26.Nh2 Kg7 27.Nf1 Nf8 28.Nh2 Kg8 29.
Nf1 Qd7 30.Nh2 Qb7 31.Nf1 Ne8 32.Nh2 Nf6 33.Nf1 Rc8 34.Nd1 Ra8 35.Nc3 N8d7
36.Nd1 Kh8 37.Nc3 Kh7 38.Nd1 Bg7 39.Nh2 Bh6 40.Nf1 Kg7 41.Ng3 Bg5 42.Nf1 
Rb8 43.Nh2 Bh6 44.Nf1 Kh7 45.Ng3 Bg5 46.Nf1 Rc8 47.Nh2 Bh6 48.Nf1 Nb8 49.
Ng3 Rd8 50.Nf1 Qd7 51.Nc3 Ne8 52.Nh2 f5 53.Nf1 f4 54.exf4 Bxf4 55.Ne3 Kg7 
56.Ra1 Kh7 57.Rac1 Kh8 58.Rb1 Kh7 59.Ra1 Ng7 60.Ncd1 Bb7 61.Rac1 Nc6 62.
Bc3 Ne7 63.Ra1 Nef5 64.Rac1 Bb8 65.Nf1 Rc6 66.Qa2 Ne6 67.b3 Nfxd4 68.Bxd4 
Rxc2 69.Rxc2 Nxd4 70.Rc1 Nxe2+ 71.Qxe2 d4 72.Nb2 b5 73.axb5 axb5 74.Rc5 
Qf7 75.Qd1 Qe8 76.Qc1 Rc8 77.Rxc8 Qxc8 78.Qxc8 Bxc8 79.Nd2 Bb7 80.Kf1 Be5 
81.Nd1 Bf4 82.Ke1 Bd5 83.g3 Bxd2+ 84.Kxd2 Bxb3 85.Nb2 g5 86.h4 gxh4 87.
gxh4 Kg6 88.f3 e3+ 89.Ke1 Bc4 0-1

[Event "12th American Continental"]
[Site "Medellin COL"]
[Date "2017.06.11"]
[Round "2.100"]
[White "Buitrago Grajales, Juan Carlos"]
[Black "Meza Galvan, Luis"]
[Result "1-0"]
[WhiteElo "2035"]
[BlackElo "1757"]
[EventDate "2017.06.10"]
[PlyCount "117"]

1.d4 g6 2.c4 Bg7 3.Nc3 d6 4.Nf3 e5 5.dxe5 dxe5 6.Qxd8+ Kxd8 7.e4 Nc6 8.
Bg5+ f6 9.O-O-O+ Bd7 10.Be3 Kc8 11.Be2 Nge7 12.Rd2 Be6 13.Rhd1 b6 14.Nd5 
Kb7 15.Kb1 h6 16.c5 f5 17.Ba6+ Kxa6 18.Nxc7+ Kb7 19.Nxe6 fxe4 20.Nxg7 exf3
21.gxf3 Nf5 22.Nxf5 gxf5 23.Rd7+ Ka6 24.cxb6 axb6 25.Rc7 Nd8 26.Rd6 Rb8 
27.Rxh6 Re8 28.Rhh7 f4 29.Bd2 Ne6 30.Ra7+ Kb5 31.Rh5 Nd4 32.Bxf4 Nxf3 33.
Ra3 Kc4 34.Rxf3 exf4 35.Rxf4+ Kd3 36.Rh3+ Kd2 37.Rd4+ Ke2 38.Re3+ Rxe3 39.
fxe3 Kxe3 40.Rb4 Kd3 41.a3 Rh8 42.Rxb6 Rxh2 43.Rc6 Kd4 44.Ka2 Kd5 45.Rc8 
Kd6 46.a4 Rg2 47.Ka3 Rg4 48.b3 Kd5 49.a5 Rg3 50.Ka4 Rg1 51.b4 Kd6 52.a6 
Ra1+ 53.Kb5 Kd7 54.Rc2 Ra3 55.Kb6 Rg3 56.b5 Rg6+ 57.Kb7 Rg5 58.b6 Rg2 59.
Rxg2 1-0

[Event "12th American Continental"]
[Site "Medellin COL"]
[Date "2017.06.11"]
[Round "2.101"]
[White "Builes Palacio, Santiago"]
[Black "Castano Ortiz, Eder"]
[Result "1/2-1/2"]
[WhiteElo "1756"]
[BlackElo "2029"]
[EventDate "2017.06.10"]
[PlyCount "68"]

1.e4 c5 2.Nf3 Nc6 3.d4 cxd4 4.Nxd4 Nf6 5.Nc3 e6 6.Ndb5 Bb4 7.a3 Bxc3+ 8.
Nxc3 d5 9.exd5 exd5 10.Bd3 O-O 11.O-O Bg4 12.f3 Be6 13.Re1 h6 14.Ne2 Qd7 
15.c3 Bf5 16.Bxf5 Qxf5 17.Be3 Rfe8 18.Nd4 Qd7 19.Qa4 Nxd4 20.Qxd4 Qc6 21.
Rad1 a6 22.Bf2 Qc4 23.Qh4 Qxh4 24.Bxh4 g5 25.Bf2 Rxe1+ 26.Rxe1 Re8 27.
Rxe8+ Nxe8 28.Bg3 f5 29.Be5 Kf7 30.f4 Ke6 31.Kf2 gxf4 32.Bxf4 h5 33.Ke3 b6
34.Kd4 Nf6 1/2-1/2

[Event "12th American Continental"]
[Site "Medellin COL"]
[Date "2017.06.11"]
[Round "2.102"]
[White "Andrade Truyol, Geiner Jose"]
[Black "Diaz, Brian"]
[Result "1-0"]
[WhiteElo "2027"]
[BlackElo "1751"]
[EventDate "2017.06.10"]
[PlyCount "77"]

1.e4 c5 2.Nf3 d6 3.d4 cxd4 4.Nxd4 a6 5.Nc3 g6 6.Be3 Bg7 7.Qd2 Nc6 8.O-O-O 
Nf6 9.Nxc6 bxc6 10.e5 Nd5 11.Nxd5 cxd5 12.exd6 e6 13.Bd4 O-O 14.Bxg7 Kxg7 
15.h4 Qxd6 16.h5 Bb7 17.hxg6 hxg6 18.Qh6+ Kf6 19.Rh3 Ke7 20.Qg5+ Ke8 21.
Qf6 Rc8 22.Bd3 Qe7 23.Qg7 Kd7 24.Rh7 Rce8 25.Bxg6 Qg5+ 26.Kb1 Kd6 27.Bh5 
Qxg7 28.Rxg7 Re7 29.Bf3 e5 30.Bxd5 Bxd5 31.c4 Kc5 32.Rxd5+ Kxc4 33.Ra5 Re6
34.Rg3 Rd6 35.Rga3 Rfd8 36.R3a4+ Kd3 37.Rxe5 Rh8 38.Re1 Rc6 39.Re3+ 1-0

[Event "12th American Continental"]
[Site "Medellin COL"]
[Date "2017.06.11"]
[Round "2.103"]
[White "Cespedes Galindo, Estefania"]
[Black "Gallego Lopez, Julian Andres"]
[Result "0-1"]
[WhiteElo "1748"]
[BlackElo "2027"]
[EventDate "2017.06.10"]
[PlyCount "42"]

1.d4 Nf6 2.Nf3 e6 3.Bg5 Be7 4.Nbd2 c5 5.e3 cxd4 6.exd4 Nc6 7.c3 d6 8.Bd3 
h6 9.Bh4 g5 10.Bg3 g4 11.Ng1 h5 12.f4 Nd5 13.f5 exf5 14.Qe2 h4 15.Bf2 Nf4 
16.Qf1 Be6 17.g3 Nxd3+ 18.Qxd3 Bd5 19.Ngf3 gxf3 20.Qxf5 hxg3 21.Bxg3 f2+ 
0-1

[Event "12th American Continental"]
[Site "Medellin COL"]
[Date "2017.06.11"]
[Round "2.104"]
[White "Gomez Barrero, Sergio"]
[Black "Figueroa Figueroa, Karen Julissa"]
[Result "1-0"]
[WhiteElo "2023"]
[BlackElo "1735"]
[EventDate "2017.06.10"]
[PlyCount "41"]

1.e4 c5 2.Nc3 Nc6 3.Nf3 d6 4.Bc4 Nf6 5.d4 Bg4 6.dxc5 dxc5 7.Be3 e5 8.Bd5 
Nxd5 9.Nxd5 Be7 10.c3 O-O 11.Qb3 Bxf3 12.gxf3 b6 13.Qa4 Rc8 14.O-O-O Bd6 
15.Rhg1 f6 16.Bh6 Rf7 17.Ne3 g6 18.Nf5 Rd7 19.Qc4+ Kh8 20.Rxd6 Rxd6 21.
Bg7# 1-0

[Event "12th American Continental"]
[Site "Medellin COL"]
[Date "2017.06.11"]
[Round "2.105"]
[White "Velasquez, Andres"]
[Black "Torres Rojas, Yuber Andres"]
[Result "0-1"]
[WhiteElo "1731"]
[BlackElo "2022"]
[EventDate "2017.06.10"]
[PlyCount "78"]

1.e4 e5 2.Nf3 Nc6 3.Bb5 a6 4.Ba4 Nf6 5.O-O b5 6.Bb3 Be7 7.d3 O-O 8.Nc3 d6 
9.h3 Na5 10.Ne2 Nxb3 11.axb3 c5 12.Ng3 Ne8 13.Qe2 g6 14.Bh6 Ng7 15.Qd2 Ra7
16.Nh2 Bh4 17.Ne2 f5 18.Nc3 Raf7 19.g3 Be7 20.Kg2 f4 21.gxf4 exf4 22.f3 
Bg5 23.Ng4 Bxg4 24.Bxg7 Bxh3+ 25.Kxh3 Rxg7 26.Kg2 Bh4 27.Rg1 Qc8 28.Kf1 
Bg3 29.Nd5 h5 30.Qg2 h4 31.Rh1 g5 32.Qh3 Qxh3+ 33.Rxh3 Ra7 34.Rh1 g4 35.
fxg4 f3 36.Ne3 Kg7 37.Nf5+ Kf6 38.c3 Ke5 39.Kg1 Kf4 0-1

[Event "12th American Continental"]
[Site "Medellin COL"]
[Date "2017.06.11"]
[Round "2.106"]
[White "Abril Guiza, Mauricio"]
[Black "Pena, Alcides"]
[Result "1-0"]
[WhiteElo "2020"]
[BlackElo "1728"]
[EventDate "2017.06.10"]
[PlyCount "57"]

1.d4 d5 2.Nf3 c5 3.c3 Nc6 4.e3 a6 5.Bd3 Bg4 6.Nbd2 e6 7.O-O Bd6 8.e4 cxd4 
9.cxd4 Nxd4 10.exd5 Nxf3+ 11.Nxf3 exd5 12.Qa4+ Qd7 13.Bb5 Qxb5 14.Qxg4 g6 
15.Re1+ Ne7 16.Bg5 Qd7 17.Qh4 Kf8 18.Bf6 Nf5 19.Qh3 Kg8 20.Rad1 h5 21.Bxh8
Kxh8 22.Nd4 Qc7 23.Nxf5 gxf5 24.Qxh5+ Kg7 25.Rxd5 Rh8 26.Qg5+ Kf8 27.g3 
Be7 28.Rxe7 Qxe7 29.Rd8+ 1-0

[Event "12th American Continental"]
[Site "Medellin COL"]
[Date "2017.06.11"]
[Round "2.107"]
[White "Varela Garcia, Maria De Los Angeles"]
[Black "Pachon, Adriana"]
[Result "0-1"]
[WhiteElo "1717"]
[BlackElo "2006"]
[EventDate "2017.06.10"]
[PlyCount "52"]

1.e4 b6 2.Nc3 Bb7 3.d4 e6 4.Nf3 Bb4 5.Bd3 Nf6 6.Qe2 d5 7.Bg5 h6 8.Bxf6 
Qxf6 9.O-O Bxc3 10.bxc3 O-O 11.e5 Qe7 12.Nd2 Nc6 13.f4 Qa3 14.Rf3 Ne7 15.
Rg3 g6 16.c4 Qc3 17.Nb3 Qb2 18.Qg4 dxc4 19.Bxc4 Nf5 20.Bxe6 fxe6 21.Qxg6+ 
Kh8 22.Rh3 Rf7 23.Qxf7 Rg8 24.Qxe6 Rxg2+ 25.Kf1 Qxc2 26.Qf6+ Kh7 0-1

[Event "12th American Continental"]
[Site "Medellin COL"]
[Date "2017.06.11"]
[Round "2.108"]
[White "Alvarado Arcila, Marvia Josefina"]
[Black "Zapata, Olga Maria"]
[Result "1-0"]
[WhiteElo "2004"]
[BlackElo "1715"]
[EventDate "2017.06.10"]
[PlyCount "81"]

1.d4 d5 2.c4 e6 3.Nc3 Nf6 4.cxd5 exd5 5.Bg5 Be7 6.Qc2 O-O 7.e3 c6 8.Bd3 
Nbd7 9.Nge2 Re8 10.f3 Nf8 11.O-O h6 12.Bh4 N6h7 13.Bxe7 Qxe7 14.e4 dxe4 
15.fxe4 Bg4 16.Rf2 Qg5 17.Raf1 f6 18.Qb3+ Kh8 19.Qxb7 Bd7 20.Nf4 Red8 21.
Na4 Qa5 22.Nc5 Rab8 23.Qa6 Qxa6 24.Nxa6 Rb6 25.Nc5 Bc8 26.Nb3 Ne6 27.Ng6+ 
Kg8 28.Ne7+ Kf7 29.Nxc8 Rxc8 30.e5 Nef8 31.Bc4+ Ke7 32.exf6+ Nxf6 33.Re2+ 
Kd6 34.Rfe1 Rc7 35.Nc5 Rc8 36.b3 Nd5 37.Re8 Rbb8 38.Ne4+ Kc7 39.Rxc8+ Rxc8
40.Bxd5 cxd5 41.Rc1+ 1-0

[Event "12th American Continental"]
[Site "Medellin COL"]
[Date "2017.06.11"]
[Round "2.109"]
[White "Cardoso Cardoso, Jaidy Marcela"]
[Black "Munoz Monroy, Cinthya Carolina"]
[Result "1-0"]
[WhiteElo "1711"]
[BlackElo "2002"]
[EventDate "2017.06.10"]
[PlyCount "93"]

1.d4 Nf6 2.c4 c5 3.d5 b5 4.cxb5 a6 5.b6 d6 6.Nc3 g6 7.e4 Bg7 8.a4 Qxb6 9.
a5 Qc7 10.f4 Nbd7 11.Nf3 Rb8 12.Nd2 O-O 13.Nc4 Re8 14.Be2 Rb4 15.O-O Rb8 
16.Qd3 Rf8 17.Qg3 Rb3 18.Nd2 Rb4 19.Nc4 Ne8 20.Qg5 Qb7 21.e5 f6 22.exf6 
Bxf6 23.Qg3 Nc7 24.f5 Ne5 25.fxg6 Nxg6 26.Bh6 Bg7 27.Rxf8+ Bxf8 28.Bxf8 
Kxf8 29.Qf3+ Kg7 30.Rf1 Bd7 31.Bd3 Qb8 32.Qf7+ Kh6 33.Rf3 Qe8 34.Bxg6 hxg6
35.Qf4+ Kg7 36.g4 Bb5 37.Rh3 Qg8 38.b3 Rxb3 39.Qg5 Kf7 40.Re3 Qd8 41.Rf3+ 
Kg7 42.Re3 Kf7 43.Rh3 Kg7 44.Qh6+ Kf7 45.Rf3+ Ke8 46.Rf8+ Kd7 47.Nb6# 1-0

[Event "12th American Continental"]
[Site "Medellin COL"]
[Date "2017.06.11"]
[Round "2.110"]
[White "Vasquez Garrido, Nuremberg"]
[Black "Moreno Rios, Mateo"]
[Result "1-0"]
[WhiteElo "1987"]
[BlackElo "1669"]
[EventDate "2017.06.10"]
[PlyCount "51"]

1.e4 c5 2.c3 Nf6 3.e5 Nd5 4.d4 cxd4 5.Nf3 g6 6.cxd4 Bg7 7.Bc4 Nb6 8.Bb3 
O-O 9.a4 d6 10.a5 N6d7 11.e6 Nf6 12.Ng5 d5 13.Nxf7 Qc7 14.O-O Bxe6 15.Ne5 
Nc6 16.Bf4 Nh5 17.Nxc6 Rxf4 18.Ne5 Bxe5 19.dxe5 Qxe5 20.Re1 Qxb2 21.Ra2 
Qd4 22.Rd2 Qc5 23.Rxe6 Raf8 24.Qc2 Qxa5 25.Rxd5 Qa1 26.Rxh5 1-0

[Event "12th American Continental"]
[Site "Medellin COL"]
[Date "2017.06.11"]
[Round "2.112"]
[White "Cordero Loup, Ely Daniela"]
[Black "Leon Acevedo, Juan Alejandro"]
[Result "1-0"]
[WhiteElo "1979"]
[BlackElo "1659"]
[EventDate "2017.06.10"]
[PlyCount "71"]

1.d4 Nf6 2.Nf3 g6 3.c4 Bg7 4.g3 d6 5.Bg2 O-O 6.O-O Nbd7 7.Nc3 c5 8.h3 Nb6 
9.b3 Bf5 10.Be3 Rc8 11.Rc1 h5 12.Kh2 Bd7 13.d5 a5 14.Qd2 a4 15.Bh6 axb3 
16.axb3 Ra8 17.Bxg7 Kxg7 18.e4 Qc7 19.Rfe1 Ra3 20.Qb2 Rfa8 21.e5 dxe5 22.
Nxe5 Be8 23.Na4 Nxa4 24.Qxa3 Nb6 25.Qb2 Nc8 26.Ra1 Rb8 27.Nd3 b5 28.Qe5 
Qxe5 29.Rxe5 Nd7 30.Ree1 bxc4 31.bxc4 Kf8 32.Reb1 Ndb6 33.Ra7 Kg8 34.Bf1 
Kf8 35.f4 Kg8 36.Ne5 1-0

[Event "12th American Continental"]
[Site "Medellin COL"]
[Date "2017.06.11"]
[Round "2.114"]
[White "Nino Penaloza, Cesar Gerardo"]
[Black "Romero Kries, Mario Andres"]
[Result "1-0"]
[WhiteElo "1972"]
[BlackElo "1638"]
[EventDate "2017.06.10"]
[PlyCount "77"]

1.d4 d5 2.c4 c6 3.Nc3 Nf6 4.e3 Bf5 5.Qb3 Qb6 6.Qxb6 axb6 7.cxd5 cxd5 8.
Nxd5 Nxd5 9.Nf3 e6 10.Bb5+ Nc6 11.Ne5 Bb4+ 12.Bd2 Bxd2+ 13.Kxd2 Rc8 14.
Rhc1 O-O 15.Nd7 Rfd8 16.Nxb6 Rc7 17.Rc5 f6 18.Rac1 Rd6 19.b4 Bg6 20.Ba4 
Rf7 21.Bxc6 bxc6 22.Rxc6 Rxc6 23.Rxc6 Re7 24.a4 Be8 25.Rc5 Kf7 26.a5 Ra7 
27.Nc8 Ra6 28.Rc7+ Kf8 29.Kc2 Bb5 30.Kb3 h5 31.Nb6 f5 32.Nd7+ Ke8 33.Nc5 
Bc4+ 34.Ka4 Rd6 35.Rxg7 Kf8 36.Rh7 Be2 37.b5 Kg8 38.Re7 Bf1 39.Rxe6 1-0

[Event "12th American Continental"]
[Site "Medellin COL"]
[Date "2017.06.11"]
[Round "2.116"]
[White "Barria Baker, Raisa Melissa"]
[Black "Sarmiento Mojica, Carolina"]
[Result "1-0"]
[WhiteElo "1971"]
[BlackElo "1618"]
[EventDate "2017.06.10"]
[PlyCount "67"]

1.d4 d5 2.c4 Nf6 3.Nc3 e6 4.Nf3 c6 5.e3 Nbd7 6.Bd2 Be7 7.b3 b6 8.Bd3 Qc7 
9.Rc1 Bb7 10.O-O O-O 11.Qe2 h6 12.Rfe1 Rfe8 13.cxd5 exd5 14.Bb1 Rac8 15.
Qd3 Qb8 16.Nh4 c5 17.Qf5 Rcd8 18.g3 Bf8 19.a4 a6 20.f3 Bc6 21.Nd1 b5 22.
axb5 axb5 23.dxc5 Bxc5 24.b4 Qa7 25.bxc5 Nxc5 26.Bc3 Bd7 27.Qc2 Na4 28.
Bxf6 gxf6 29.Qh7+ Kf8 30.Bg6 Bc8 31.Bxf7 Bf5 32.Qg8+ Ke7 33.Bxe8 Rxe8 34.
Qg7+ 1-0

[Event "12th American Continental"]
[Site "Medellin COL"]
[Date "2017.06.11"]
[Round "2.117"]
[White "Lopez Ramirez, Jorge Hernan"]
[Black "Londono Lopez, Donaldo"]
[Result "1-0"]
[WhiteElo "1963"]
[BlackElo "1578"]
[EventDate "2017.06.10"]
[PlyCount "35"]

1.e4 e5 2.Nf3 Nc6 3.Bb5 a6 4.Ba4 Nf6 5.d4 exd4 6.e5 Ne4 7.O-O Be7 8.Nxd4 
O-O 9.c3 Nc5 10.Bc2 Nxe5 11.f4 Ng6 12.Qh5 f5 13.Nxf5 Ne6 14.Rf3 Re8 15.
Nxe7+ Nxe7 16.Qxh7+ Kf8 17.f5 Nf4 18.Bxf4 1-0

[Event "12th American Continental"]
[Site "Medellin COL"]
[Date "2017.06.11"]
[Round "2.118"]
[White "Correa, Daniel"]
[Black "Toro Castaneda, Elizabeth"]
[Result "1-0"]
[WhiteElo "1595"]
[BlackElo "1953"]
[EventDate "2017.06.10"]
[PlyCount "115"]

1.d4 Nf6 2.c4 g6 3.Nc3 Bg7 4.e4 d6 5.Nf3 O-O 6.Be2 Nbd7 7.O-O e5 8.Be3 Re8
9.d5 Nc5 10.Qc2 a5 11.Ne1 Ng4 12.Bxg4 Bxg4 13.f3 Bd7 14.Nd3 b6 15.a3 a4 
16.Nb4 Nb3 17.Rad1 Qc8 18.Nc6 Qa6 19.Nb5 Qb7 20.Nb4 Ra5 21.Kh1 Bxb5 22.
cxb5 Rxb5 23.Nc6 Nc5 24.Qe2 Rb3 25.Rf2 Ra8 26.Bc1 Qa6 27.Qc2 Re8 28.Re2 
Rd3 29.Rxd3 Qxd3 30.Qxd3 Nxd3 31.Rc2 Nc5 32.Be3 Ra8 33.Rc4 h6 34.Kg1 Kf8 
35.Kf1 Nd3 36.Rc2 f5 37.Ke2 Nc5 38.Bxc5 bxc5 39.g4 fxg4 40.fxg4 Bf6 41.Kd3
Ra6 42.Rf2 Kg7 43.Kc4 Rb6 44.Na7 Rb3 45.Nb5 Bh4 46.Re2 Bd8 47.Nc3 Bg5 48.
Nxa4 Rb8 49.Nc3 Bc1 50.Nb5 Rc8 51.a4 Bg5 52.b3 Bf4 53.a5 Ra8 54.Ra2 Bg5 
55.Nxc7 Ra7 56.Ne8+ Kf7 57.Nxd6+ Ke7 58.Nc8+ 1-0

[Event "12th American Continental"]
[Site "Medellin COL"]
[Date "2017.06.11"]
[Round "2.120"]
[White "Gomez Vasquez, Laura Sofia"]
[Black "Borensztajn, David"]
[Result "1/2-1/2"]
[WhiteElo "1504"]
[BlackElo "1950"]
[EventDate "2017.06.10"]
[PlyCount "64"]

1.e4 c5 2.Nf3 Nc6 3.d4 cxd4 4.Nxd4 Nf6 5.Nc3 g6 6.Be3 Bg7 7.Be2 O-O 8.O-O 
d6 9.Nb3 Be6 10.f3 Ne5 11.Rb1 a6 12.Nd5 b5 13.c3 Rc8 14.Bb6 Qd7 15.Bf2 
Bxd5 16.exd5 Qc7 17.Qd4 Nc4 18.Bxc4 Qxc4 19.Rfd1 Nd7 20.Qxc4 bxc4 21.Nd4 
Ne5 22.Nc2 g5 23.Ne1 Bf6 24.Bd4 Rb8 25.b3 Rfc8 26.b4 Rb5 27.Be3 Nd7 28.a4 
Rb7 29.Bd4 Ne5 30.Kf1 e6 31.dxe6 fxe6 32.Kf2 Kf7 1/2-1/2

[Event "12th American Continental"]
[Site "Medellin COL"]
[Date "2017.06.11"]
[Round "3.4"]
[White "Tang, Andrew"]
[Black "Bruzon Batista, Lazaro"]
[Result "1/2-1/2"]
[WhiteElo "2461"]
[BlackElo "2650"]
[EventDate "2017.06.10"]
[PlyCount "118"]

1.d4 e6 2.Bf4 Nf6 3.e3 b6 4.Nf3 Be7 5.h3 c5 6.Be2 O-O 7.O-O cxd4 8.Nxd4 
Bb7 9.Nb5 Ne8 10.c4 d6 11.Bf3 Nc6 12.Nd2 a6 13.Nc3 Qc7 14.Rc1 Ne5 15.Bxb7 
Qxb7 16.Bxe5 dxe5 17.Qf3 Ra7 18.Qxb7 Rxb7 19.Nf3 f6 20.Ne4 Nd6 21.Nxd6 
Bxd6 22.Rfd1 Be7 23.a4 Rc8 24.b3 e4 25.Nd4 Kf7 26.Kf1 f5 27.Ne2 h5 28.g4 
g6 29.gxf5 gxf5 30.Nf4 h4 31.Ke2 Rbc7 32.f3 exf3+ 33.Kxf3 Rg8 34.Rg1 Rcc8 
35.e4 Bc5 36.Rxg8 Rxg8 37.Ne2 Rd8 38.Nf4 Rd2 39.Rf1 a5 40.exf5 exf5 41.Ng2
Kf6 42.Nxh4 Kg5 43.Ng2 Rd3+ 44.Ke2 Rxh3 45.Rf3 Rh2 46.Rg3+ Kf6 47.Kd3 Bd6 
48.Rg8 Rh3+ 49.Kd4 Rxb3 50.Nh4 Bc5+ 51.Kd5 Rd3+ 52.Kc6 Rh3 53.Rg6+ Ke5 54.
Rh6 Rd3 55.Ng6+ Kd4 56.Rh4+ Kc3 57.Nf4 Rd6+ 58.Kb5 Kd2 59.Nd5 Re6 1/2-1/2

[Event "12th American Continental"]
[Site "Medellin COL"]
[Date "2017.06.11"]
[Round "3.6"]
[White "Vazquez Colman, Guillermo"]
[Black "Cori Tello, Jorge"]
[Result "1/2-1/2"]
[WhiteElo "2443"]
[BlackElo "2618"]
[EventDate "2017.06.10"]
[PlyCount "107"]

1.d4 Nf6 2.c4 g6 3.g3 Bg7 4.Bg2 d5 5.cxd5 Nxd5 6.Nf3 Nb6 7.O-O O-O 8.Nc3 
Nc6 9.e3 Re8 10.Nh4 e5 11.d5 Nb4 12.a3 Na6 13.Qc2 Qe7 14.Rb1 e4 15.Qxe4 
Qxe4 16.Nxe4 h6 17.Nc3 g5 18.Nf3 Bf5 19.e4 Bg6 20.Nd2 Nc5 21.b4 Nca4 22.
Nxa4 Nxa4 23.Rb3 Rad8 24.f4 Bc3 25.f5 Bd4+ 26.Kh1 Bh5 27.Bf3 Bxf3+ 28.
Rfxf3 g4 29.Rf4 h5 30.h3 Be5 31.Rf1 gxh3 32.Nf3 Bc3 33.Bd2 Bxd2 34.Nxd2 c6
35.Rd3 cxd5 36.exd5 Nb6 37.d6 Re2 38.g4 hxg4 39.Rg1 Kg7 40.Rxg4+ Kf6 41.
Re4 Rxe4 42.Nxe4+ Ke5 43.Nc5 Rxd6 44.Rxd6 Kxd6 45.Nxb7+ Kc7 46.Na5 Nd5 47.
Kh2 Ne3 48.Kxh3 Nxf5 49.Kg4 Nd4 50.Kg5 Nc2 51.b5 Nxa3 52.Nc6 Nxb5 53.Nxa7 
Nxa7 54.Kf6 1/2-1/2

[Event "12th American Continental"]
[Site "Medellin COL"]
[Date "2017.06.11"]
[Round "3.8"]
[White "Martinez Romero, Martin"]
[Black "Sevian, Samuel"]
[Result "1/2-1/2"]
[WhiteElo "2427"]
[BlackElo "2601"]
[EventDate "2017.06.10"]
[PlyCount "69"]

1.e4 e5 2.Nf3 Nc6 3.Bb5 a6 4.Ba4 Nf6 5.O-O Be7 6.d3 d6 7.c4 Bg4 8.Be3 O-O 
9.h3 Bxf3 10.Qxf3 Nd4 11.Bxd4 exd4 12.Nd2 c6 13.Qe2 Nd7 14.f4 b5 15.Bd1 
Rb8 16.Qf2 Bf6 17.cxb5 Rxb5 18.Rb1 Nc5 19.Bc2 Qb6 20.Nc4 Qb8 21.Qf3 Be7 
22.b3 Ne6 23.Rbe1 d5 24.Ne5 Qc7 25.Ng4 Bb4 26.Re2 dxe4 27.dxe4 h5 28.Nf6+ 
gxf6 29.e5 fxe5 30.fxe5 Rxe5 31.Qd3 f6 32.Rxe5 fxe5 33.Qg6+ Qg7 34.Qxe6+ 
Kh8 35.Rxf8+ 1/2-1/2

[Event "12th American Continental"]
[Site "Medellin COL"]
[Date "2017.06.11"]
[Round "3.9"]
[White "Pichot, Alan"]
[Black "Fernandez, Fernando"]
[Result "1/2-1/2"]
[WhiteElo "2577"]
[BlackElo "2416"]
[EventDate "2017.06.10"]
[PlyCount "47"]

1.e4 c5 2.Nf3 d6 3.d4 cxd4 4.Nxd4 Nf6 5.Nc3 a6 6.h3 e5 7.Nde2 b5 8.Bg5 
Nbd7 9.Nd5 Bb7 10.Nec3 Rc8 11.Be2 Be7 12.Bxf6 Nxf6 13.a4 b4 14.Nxf6+ Bxf6 
15.Nd5 O-O 16.a5 Rc5 17.Ra4 Bxd5 18.exd5 e4 19.O-O Bxb2 20.Rxb4 Bc3 21.
Rxe4 Qxa5 22.Qd3 Rxd5 23.Qxa6 Qxa6 24.Bxa6 1/2-1/2

[Event "12th American Continental"]
[Site "Medellin COL"]
[Date "2017.06.11"]
[Round "3.15"]
[White "Fernandez Reyes, Lisandro"]
[Black "Shabalov, Alexander"]
[Result "1/2-1/2"]
[WhiteElo "2402"]
[BlackElo "2556"]
[EventDate "2017.06.10"]
[PlyCount "114"]

1.d4 g6 2.Nc3 Bg7 3.g3 d5 4.Bg2 Nf6 5.Bg5 c6 6.Bxf6 exf6 7.Nf3 f5 8.O-O 
Nd7 9.e3 O-O 10.Ne2 Re8 11.b3 Nf6 12.c4 dxc4 13.bxc4 c5 14.Rb1 Qc7 15.Qb3 
b6 16.Rfd1 Bb7 17.d5 Ne4 18.Nd2 Nd6 19.Nc3 Ba6 20.Bf1 h5 21.Nf3 Bf6 22.h4 
Re7 23.Rdc1 Rae8 24.Ne2 Ne4 25.Rd1 Bc8 26.Nf4 Qd6 27.Rd3 Bd7 28.Qa3 Rc8 
29.Qa6 Rc7 30.Rc1 Bg7 31.Rc2 Re8 32.Qa3 Rb8 33.Nd2 Nf6 34.Nf3 Rcc8 35.Rd1 
a6 36.Ng5 b5 37.cxb5 axb5 38.Qc1 Be8 39.Nf3 Ne4 40.Bd3 b4 41.Bxe4 fxe4 42.
Nd2 Ba4 43.Nxe4 Qe7 44.Rc4 Bxd1 45.Qxd1 Qa7 46.Rc2 Qa4 47.Nd6 Rd8 48.Nxf7 
Kxf7 49.d6 Kg8 50.Qd5+ Kh7 51.Rxc5 Qe8 52.Qd3 Rb6 53.Rxh5+ Bh6 54.Re5 Qxe5
55.Qxg6+ Kh8 56.Qxh6+ Kg8 57.Ne6 Qb5 1/2-1/2

[Event "12th American Continental"]
[Site "Medellin COL"]
[Date "2017.06.11"]
[Round "3.16"]
[White "Bacallao Alonso, Yusnel"]
[Black "Cori Quispe, Kevin Joel"]
[Result "1/2-1/2"]
[WhiteElo "2554"]
[BlackElo "2390"]
[EventDate "2017.06.10"]
[PlyCount "86"]

1.d4 Nf6 2.c4 g6 3.Nc3 d5 4.e3 Bg7 5.Qb3 c6 6.Nf3 O-O 7.Bd2 dxc4 8.Bxc4 
Nbd7 9.O-O Nb6 10.Be2 Be6 11.Qc2 Bc4 12.Rfd1 Nfd7 13.e4 Re8 14.a4 a5 15.
Be1 Bxe2 16.Qxe2 Qb8 17.Rac1 Qa7 18.b3 Qa6 19.Qe3 Rac8 20.h3 h6 21.d5 Nf8 
22.dxc6 bxc6 23.Ne2 c5 24.Nf4 c4 25.e5 cxb3 26.Qxb3 Nc4 27.Qd3 Rc6 28.Qe4 
Rc5 29.Rd5 Rec8 30.Rxc5 Rxc5 31.Qd4 Qc6 32.Nd3 Ne6 33.Qg4 Ne3 34.Rxc5 Nxc5
35.Qd4 Nxd3 36.Qxd3 Nc4 37.Bc3 Qxa4 38.e6 Bxc3 39.exf7+ Kxf7 40.Qxc3 Qd1+ 
41.Kh2 Qd6+ 42.g3 Nb6 43.Qxa5 Kg7 1/2-1/2

[Event "12th American Continental"]
[Site "Medellin COL"]
[Date "2017.06.11"]
[Round "3.19"]
[White "Kaidanov, Gregory"]
[Black "Valenzuela Gomez, Fernando"]
[Result "1-0"]
[WhiteElo "2550"]
[BlackElo "2377"]
[EventDate "2017.06.10"]
[PlyCount "83"]

1.Nf3 Nf6 2.c4 g6 3.Nc3 Bg7 4.e4 d6 5.d4 O-O 6.Be2 Na6 7.Nd2 e5 8.d5 Bh6 
9.h4 c6 10.h5 gxh5 11.Bxh5 Nc5 12.Qe2 b5 13.b4 Na6 14.a3 c5 15.cxb5 cxb4 
16.Na4 Nc7 17.axb4 Bd7 18.Nc3 Bg7 19.Ra5 Rc8 20.Bb2 Rb8 21.Ba3 Rb7 22.Nc4 
Nxb5 23.Nxb5 Bxb5 24.Rxb5 Rxb5 25.Nxd6 Qxd6 26.Qxb5 Nxh5 27.Rxh5 Qg6 28.
Qe2 Qxg2 29.Rh4 Qg1+ 30.Qf1 Qg5 31.Qh3 Qg1+ 32.Qf1 Qg6 33.Qh3 Qg1+ 34.Ke2 
Qb1 35.Qf5 h6 36.Rg4 Kh8 37.Rg3 a5 38.bxa5 Qb5+ 39.Kf3 Ra8 40.Kg2 Qa4 41.
Be7 Rg8 42.Bf6 1-0